[Event "Temuco de la Frontera"]
[Site "Temuco"]
[Date "2022.01.08"]
[Round "4"]
[White "Navarrete Sandoval, Francisco Javier"]
[Black "Lopez Illanes, Orlando Abel"]
[Result "1-0"]
[WhiteElo "2111"]
[BlackElo "1870"]
[PlyCount "53"]
[EventDate "2022.01.07"]
[EventType "tourn"]
[EventRounds "9"]
[EventCountry "CHI"]
[SourceTitle "CBM 206 Extra"]
[Source "ChessBase"]
[SourceDate "2022.03.31"]
[SourceVersion "1"]
[SourceVersionDate "2022.03.31"]
[SourceQuality "1"]

1. Nf3 d5 2. b3 Nf6 3. Bb2 e6 4. c4 c6 5. d4 Bd6 6. g3 0-0 7. Bg2 Nbd7 8. 0-0 Ne4 9. Nbd2 Ndf6 10. Qc2 Re8 11. Rfd1 Qc7 12. Rac1 Nxf2 13. Kxf2 Bxg3+ 14. Kg1 Ng4 15. Nf1 Bf2+ 16. Kh1 Be3 17. Nxe3 Nxe3 18. Qd3 Nxd1 19. Rxd1 f6 20. e4 Rd8 21. e5 f5 22. cxd5 cxd5 23. Rc1 Qb6 24. Rg1 Bd7 25. Bf1 Rac8 26. Qd2 Rc7 27. Qg5 1-0

[Event "Temuco IRT Rumbo"]
[Site "Temuco"]
[Date "2020.01.29"]
[Round "9"]
[White "Lopez Illanes, Orlando Abel"]
[Black "Torres Ferrada, Martina Aline"]
[Result "1-0"]
[WhiteElo "1851"]
[BlackElo "1098"]
[PlyCount "53"]
[EventDate "2020.01.27"]
[EventType "tourn"]
[EventRounds "9"]
[EventCountry "CHI"]
[SourceTitle "CBM 195 Extra"]
[Source "ChessBase"]
[SourceDate "2020.05.31"]
[SourceVersion "1"]
[SourceVersionDate "2020.05.31"]
[SourceQuality "1"]

1. e4 e5 2. Nf3 Nc6 3. Nc3 Bb4 4. Bc4 Nf6 5. 0-0 d6 6. h3 0-0 7. d3 h6 8. Ne2 Be6 9. Bb3 d5 10. exd5 Nxd5 11. Ng3 f5 12. a3 Bc5 13. Ba2 f4 14. Ne4 Be7 15. d4 Bf5 16. Re1 Bxe4 17. Rxe4 Bf6 18. dxe5 Re8 19. Qxd5+ Qxd5 20. Bxd5+ Kh8 21. exf6 Rxe4 22. fxg7+ Kxg7 23. Bxe4 Re8 24. Bxc6 bxc6 25. Bxf4 Re7 26. Nd4 c5 27. Nf5+ 1-0

[Event "Temuco IRT Rumbo"]
[Site "Temuco"]
[Date "2020.01.29"]
[Round "7"]
[White "Navarrete Sandoval, Francisco Javier"]
[Black "Lopez Illanes, Orlando Abel"]
[Result "1-0"]
[WhiteElo "2088"]
[BlackElo "1851"]
[PlyCount "41"]
[EventDate "2020.01.27"]
[EventType "tourn"]
[EventRounds "9"]
[EventCountry "CHI"]
[SourceTitle "CBM 195 Extra"]
[Source "ChessBase"]
[SourceDate "2020.05.31"]
[SourceVersion "1"]
[SourceVersionDate "2020.05.31"]
[SourceQuality "1"]

1. d4 Nf6 2. Nf3 e6 3. Bg5 d5 4. Nbd2 Be7 5. e3 0-0 6. Bd3 c6 7. Ne5 Nbd7 8. f4 Qc7 9. Qf3 h6 10. Bxf6 Bxf6 11. 0-0-0 b6 12. h4 Bb7 13. g4 Rfe8 14. g5 hxg5 15. Bh7+ Kf8 16. hxg5 Be7 17. Nxf7 Kxf7 18. Bg6+ Kxg6 19. Qh5+ Kf5 20. g6+ Kf6 21. Qg5# 1-0